000 00349nam a2200133Ia 4500
008 240624s9999 xx 000 0 und d
041 _aeng
082 _a519.5 BER
100 _aBERK RICHARD A
245 _aSTATISTICAL LEARNING FROM A REGRESSION P
260 _c2008
_aLondon
_bSpringer
300 _axvii, : 358 : p. : cm. ; 24
365 _cERU
_b30
999 _c26908
_d26908